Southville International School and Colleges
Your cart is empty.
  • Cart
  • Lists
    Public lists list_1 View all
    Your lists Log in to create your own lists
  • Log in to your account
  • Your cookies
  • Search history
Southville International School and Colleges
  • Advanced search
  • Recent comments
  • Most popular
  • Libraries

Log in to your account

Log in with GOOGLE


If you do not have an external account, but do have a local account, you can still log in:

  1. Home
  2. MARC view: Financial accounting /
Normal view MARC view ISBD view

Financial accounting / (Record no. 278913)

[ view plain ]
MARC details
000 -LEADER
fixed length control field 00576cam a2200205 a 4500
003 - CONTROL NUMBER IDENTIFIER
control field PILC
005 - DATE AND TIME OF LATEST TRANSACTION
control field 20150129085646.0
008 - FIXED-LENGTH DATA ELEMENTS--GENERAL INFORMATION
fixed length control field 060426s ph 000 0 eng d
020 ## - INTERNATIONAL STANDARD BOOK NUMBER
International Standard Book Number 971896620X
050 00 - LIBRARY OF CONGRESS CALL NUMBER
Classification number HF 5635
Item number .V172 2000 vol.2
100 1# - MAIN ENTRY--PERSONAL NAME
Personal name Valix, Conrado T.
245 10 - TITLE STATEMENT
Title Financial accounting /
Statement of responsibility, etc Conrado T. Valix, Jose F. Peralta.
250 ## - EDITION STATEMENT
Edition statement 2000 ed.
260 ## - PUBLICATION, DISTRIBUTION, ETC. (IMPRINT)
Place of publication, distribution, etc Manila :
Name of publisher, distributor, etc GIC Enterprises,
Date of publication, distribution, etc 2000.
300 ## - PHYSICAL DESCRIPTION
Extent v. ;
Dimensions 23 cm.
500 ## - GENERAL NOTE
General note "Based on ASC, SFAS and IAS"--Cover.
650 #0 - SUBJECT ADDED ENTRY--TOPICAL TERM
Topical term or geographic name as entry element Accounting.
700 1# - ADDED ENTRY--PERSONAL NAME
Personal name Peralta, Jose F.
942 ## - ADDED ENTRY ELEMENTS (KOHA)
Source of classification or shelving scheme Library of Congress Classification
Koha item type Books
Holdings
Withdrawn status Lost status Source of classification or shelving scheme Damaged status Home library Current library Shelving location Date acquired Source of acquisition Total Checkouts Full call number Barcode Date last seen Price effective from Koha item type
    Library of Congress Classification   College Library College Library Filipiniana Section 01/29/2015 Library Fund   HF 5635 .V172 2000 vol.2 C19050 05/08/2018 01/29/2015 Books

Financial accounting /

APA

Valix C. T., Peralta J. F., . (2000). Financial accounting. Manila: GIC Enterprises.

Chicago

Valix Conrado T, Peralta Jose F, . 2000. Financial accounting. Manila: GIC Enterprises.

Harvard

Valix C. T., Peralta J. F., . (2000). Financial accounting. Manila: GIC Enterprises.

MLA

Valix Conrado T, Peralta Jose F, . Financial accounting. Manila: GIC Enterprises. 2000.

  • Place hold
  • Print
  • Cite
  • Add to your cart (remove)
  • Save record
    BIBTEX Dublin Core MARCXML MARC (non-Unicode/MARC-8) MARC (Unicode/UTF-8) MARC (Unicode/UTF-8, Standard) MODS (XML) RIS
  • More searches
    Search for this title in:
    Other Libraries (WorldCat) Other Databases (Google Scholar) Online Stores (Bookfinder.com) Open Library (openlibrary.org)

Exporting to Dublin Core...

SOUTHVILLE LIBRARY

Southville International School and Colleges Library

1281 Tropical Ave. Cor. Luxembourg St., BF Homes International, Las Pinas City

Tel. No. 8256374 / 252358 Loc. 117/146

Powered by Koha